000 00563nam a2200241Ia 4500
003 OSt
005 20220912145721.0
006 a|||||r|||| 00| 0
007 ta
008 220909b |||||||| |||| 00| 0 eng d
024 _a74235
037 _cTextbook
040 _aCSL
_beng
_cCSL
041 _aeng
082 _aA, K01.1
100 _aMckenzie A E E
245 0 _aMajor achievements of science
260 _c1960
300 _ap.
_ccm.
650 _aScience
942 _hA, K01.1
_cTB
_2CC
999 _c36938
_d36938